Digitálne zastupiteľstvo bakalárska práca

Gespeichert in:
Bibliographische Detailangaben
1. Verfasser: Tomaščinová, Dominika
Körperschaft: Fakulta hospodárskej informatiky EU. Katedra aplikovanej informatiky
Weitere Verfasser: Schmidt, Peter, 1968-
Format: Buch
Sprache:Slowakisch
Veröffentlicht: Bratislava 2022
Tags: Tag hinzufügen
Keine Tags, Fügen Sie das erste Tag hinzu!

MARC

LEADER 00000nbm a2200000 4500
001 0294936
005 20240223133117.3
041 0 |a slo 
044 |a SK 
245 1 0 |a Digitálne zastupiteľstvo  |b bakalárska práca  |c Dominika Tomaščinová ; školiteľ: Peter Schmidt 
264 1 |a Bratislava  |c 2022 
300 |a 47 s. 
100 1 |a Tomaščinová, Dominika 
700 1 |a Schmidt, Peter, 1968- 
710 2 |a Fakulta hospodárskej informatiky EU. Katedra aplikovanej informatiky